| 000 | 00801nam a2200253 a 4500 | ||
|---|---|---|---|
| 001 | 75006 | ||
| 003 | BD-RjUL | ||
| 005 | 20211209082631.0 | ||
| 008 | 190108s1940 enka 000 0 eng d | ||
| 035 | _aOCLC ocm30247045 from D951018M | ||
| 035 | _a(BD-RjUL)75224 | ||
| 040 |
_aUKM _cUKM _dEQO _dBD-RjUL _beng |
||
| 041 | _aeng | ||
| 082 |
_223 _a304.2 _bHEM 1940 |
||
| 100 | 1 |
_aHerbertson, A. J. _q(Andrew John), _d1865-1915. _9226749 |
|
| 245 | 1 | 0 |
_aMan and his work : _ban introduction to human geography / _cby A.J. Herbertson and F.D. Herbertson. |
| 250 | _a7th ed | ||
| 260 |
_aLondon : _bA. & C. Black, _c1940. |
||
| 300 |
_a152 p. : _bill. ; _c21 cm. |
||
| 650 |
_aHuman geography _9226750 |
||
| 700 | 1 |
_aHerbertson, F. D. _q(Fanny Dorothea) _9226758 |
|
| 942 |
_2ddc _cBK |
||
| 999 |
_c75006 _d75006 |
||